| 000 | 00918cab a2200325 4500 | ||
|---|---|---|---|
| 001 | ABS51722 | ||
| 008 | 090401t1994 xxu||||| |||| 00| 0 eng d | ||
| 035 | _a(Sirsi) u41745 | ||
| 041 | _aeng | ||
| 245 | _aFocus `94: M5 junctions 4-21 | ||
| 260 | _c1994 | ||
| 350 | _a0 | ||
| 490 |
_aEstates Gazette _v(9444) 5 November 1994, 79-103(13) |
||
| 650 | _aBRISTOL | ||
| 650 | _aBROMSGROVE | ||
| 650 | _aCHELTENHAM | ||
| 650 | _aCLEVEDON | ||
| 650 | _aDROITWICH | ||
| 650 | _aGLOUCESTER | ||
| 650 | _aINDUSTRIAL MARKET | ||
| 650 | _aM5 CORRIDOR | ||
| 650 | _aPROPERTY-COMMERCIAL PROPERTY-OFFICE PROPERTY-OFFICE PROPERTY MARKET | ||
| 650 | _aPROPERTY-COMMERCIAL PROPERTY-RETAIL PROPERTY-RETAIL PROPERTY MARKET | ||
| 650 | _aSTROUD | ||
| 650 | _aWESTON SUPER MARE | ||
| 650 | _aWORCESTER | ||
| 690 | _aPROPERTY-COMMERCIAL PROPERTY-COMMERCIAL PROPERTY MARKET | ||
| 942 | _n0 | ||
| 948 | _c04/03/1997 | ||
| 999 |
_c26799 _d26799 |
||